| 000 | 02969nam a2200325 4500 | ||
|---|---|---|---|
| 003 | EC-UNACH | ||
| 005 | 20240312095131.0 | ||
| 006 | s||||gr|||| 00| 00 | ||
| 008 | 150116t9999 mx r gr 000 0 spa d | ||
| 020 | _a978-9942-835-79-6 | ||
| 040 |
_aEC-UNACH _cEC-UNACH |
||
| 041 | _aspa | ||
| 082 | 0 | 4 |
_223 _a330 _bL015131 |
| 100 | _aPalacios Trujillo, Edinson / Naranjo Ordóñez, Susana / Palacios Trujillo, Javier / Fernández, Armida de Jesús / Cazorla Logroño, Francisca / Carrillo Pulgar, Wilman G. / Borja Lombeida, María E. / Astudillo Condo, Daysi / Erazo Guijarro, Fausto / Huilcapi Peñafiel, Sandra / Ochoa Ulloa, Pablo / Zurita Moreano, Eduardo G. / González Bautista, María G. | ||
| 245 | _aInformación, gestión y economía: Reflexiones desde la experiencia ecuatoriana | ||
| 250 | _aPrimera Edición | ||
| 264 |
_aRiobamba _bUniversidad Nacional de Chimborazo _c2022 |
||
| 264 | _bProducción UNACH | ||
| 300 |
_a170 páginas _bfiguras, tablas |
||
| 500 | _aLa información es un elemento fundamental en la economía; ya sea en el ejercicio de lo público o de lo privado, desde lo macro hasta la circunstancia más cotidiana, la información está presente. La información y el acceso a la misma juega un papel cada vez más importante para el funcionamiento de las empresas, el mercado y el gobierno. La información es en sí una fuerza productiva y la base de todas las decisiones. Por tanto, su acceso y gestión es un factor fundamental. Es un derecho y un componente trascendental del desarrollo. La información es un activo que actualmente se ha convertido en un elemento clave en la estrategia competitiva de países y empresas. En las sociedades actuales, solo perviven las organizaciones que gestionan su información y crean nuevos conocimientos y los gestionan adecuadamente. Es decir, aquellas que reconocen a la información como un recurso indispensable para ampliar su competitividad y aumentar la calidad de los servicios que prestan a ciudadanos y clientes. Las organizaciones serán más valoradas en la medida que tengan una mayor capacidad para gestionar su información, y que esto sea la base para su competitividad y su conexión con clientes y ciudadanos. | ||
| 501 | _aIncluye índice, conclusiones, indice de tablas, índice de figuras. | ||
| 505 | _aTomando decisiones gerenciales con el apoyo de las tecnologías de la información.-- Encuesta de opinión para la evaluación de la gestión pública en la ciudad de Riobamba al 2018.-- The ecuadorian flower cluster.-- Los ciclos económicos. Un análisis microeconómico. | ||
| 650 | _aTecnologías de la información | ||
| 856 |
_uhttps://doi.org/10.37135/u.editorial.05.50 _yLibro digital Información, gestión y economía: Reflexiones desde la experiencia ecuatoriana |
||
| 942 |
_2ddc _c1 |
||
| 999 | _c11643 | ||